Satélites de comunicaciones: aplicaciones actuales y futuras
Guardat en:
| Autor principal: | |
|---|---|
| Format: | Llibre |
| Publicat: |
[San José, Costa Rica]
2007
|
| Matèries: | |
| Etiquetes: |
Afegir etiqueta
Sense etiquetes, Sigues el primer a etiquetar aquest registre!
|
MARC
| LEADER | 00000nam a2200000Ia 4500 | ||
|---|---|---|---|
| 003 | 009972 | ||
| 005 | 20221231144106.0 | ||
| 008 | 140114s2007 cr a 000 ||s d | ||
| 040 | |c cru CEDI | ||
| 090 | |a TFG 5501 | ||
| 100 | |a Mesén Mora, Natalia |9 4730 | ||
| 245 | |a Satélites de comunicaciones: aplicaciones actuales y futuras | ||
| 260 | |c 2007 |b [San José, Costa Rica] | ||
| 300 | |a vii, 97 hojas; ilustraciones a color, mapas color | ||
| 500 | |a Proyecto de graduación (bachillerato en ingeniería eléctrica)--Universidad de Costa Rica. Facultad de Ingeniería. Escuela de Ingeniería Eléctrica | ||
| 650 | |x SATELITES ARTIFICIALES EN TELECOMUNICACIONES |x SISTEMAS DE TRANSMISION DE DATOS |x SATELITES |9 4731 | ||
| 942 | |c TFG | ||
| 999 | |c 16758 |d 16758 | ||
